000 01065cam a22003257a 4500
003 CHAP
005 20220817042738.0
008 971013s1994 r 00010 d
010 _a54209
011 _a55181
035 _a59333
040 _cCHAP
082 _a632.93
_bF3 v.126
110 _aFAO
245 1 0 _aTropical root and tuber crops
_b: production, perspectives and future prospects
260 _aRome :
_bFAO,
_c1994
300 _a228 p.
_b: ilus.
490 0 _aFAO. Producción y protección vegetal
_v; 126
590 _aBATCH-UPD
_b10
_c20130110
_lUCH01
_h2044
590 _aBATCH-UPD
_b10
_c20130410
_lUCH01
_h1358
590 _aBATCH-UPD
_b10
_c20130914
_lUCH01
_h1428
590 _aCONVERSION
_b10
_c20130109
_lUCH01
_h1329
650 1 4 _aTubérculos y cultivos de raíz
_xTrópicos.
_9115489
700 0 _aCharles, W. B.
_921973
700 0 _aOnwueme, I. C.
_983344
830 0 _aFAO. Producción y protección vegetal
_v; 126
_939654
901 _aBK
942 _cLIBRO
949 _a632.93 F3 v.126
_bBC
_cFAO
_d33724000396685
_eFAO1
_h89844
_i59333
_si
999 _c54209
_d54209